Simulační programy pro elektroniku

Enregistré dans:
Détails bibliographiques
Auteur principal: Láníček, Robert (Auteur)
Format: Livre
Langue:tchèque
Publié: Praha : BEN - technická literatura, 2002
Édition:2.vyd.
Sujets:
Tags: Ajouter un tag
Pas de tags, Soyez le premier à ajouter un tag!

MARC

LEADER 00000nam a22000003a 4500
001 stu112991
005 20200914123934.0
008 060307s2002----xr------------------cze-d
020 |a 80-7300-051-2 
040 |a STU  |b slo 
041 0 |a cze 
044 |a xr 
080 |a 621.382.049.7 
080 |a 681.32.06 
080 |a 519.688  |7 stu_us_auth*stu10069 
084 |a B1130  |2 INS 
084 |a B2570  |2 INS 
084 |a C7410D  |2 INS 
084 |a B2570  |2 INS 
100 1 |a Láníček, Robert  |4 aut 
245 1 |a Simulační programy pro elektroniku 
250 |a 2.vyd. 
260 |a Praha :  |b BEN - technická literatura,  |c 2002 
300 |a 119 s 
650 7 |a elektronické obvody  |2 stusub 
650 7 |a navrhovanie obvodov  |2 stusub 
650 7 |a simulácia obvodov  |2 stusub 
650 7 |a SPICE  |2 estusub 
996 |b 284EK86118  |c E*86118  |l EE01  |s A  |a 24  |w stu112991_0001